Central Library OPAC University of Rajshahi

The encyclopaedia of court forms and precedents in civil proceedings / (Record no. 46986)

MARC details
000 -LEADER
fixed length control field 00739nam a22002172 4500
001 - CONTROL NUMBER
control field 46986
003 - CONTROL NUMBER IDENTIFIER
rucl marc code BD-RjUL
005 - DATE AND TIME OF LATEST TRANSACTION
control field 20211209054236.0
008 - FIXED-LENGTH DATA ELEMENTS--GENERAL INFORMATION
fixed length control field 890823m19371950enkk 001 0 eng
035 ## - SYSTEM CONTROL NUMBER
System control number (BD-RjUL)47105
040 ## - CATALOGING SOURCE
Original cataloging agency DLC
Transcribing agency ZCL
Modifying agency EQO
Language of cataloging eng
041 ## - LANGUAGE CODE
Language code of text/sound track or separate title eng
082 ## - DEWEY DECIMAL CLASSIFICATION NUMBER
Classification number 347.0550942
Author mark and year ENC 1955
245 04 - TITLE STATEMENT
Title The encyclopaedia of court forms and precedents in civil proceedings /
260 ## - PUBLICATION, DISTRIBUTION, ETC. (IMPRINT)
Place of publication, distribution, etc. London :
Name of publisher, distributor, etc. Butterworth & Co. (publishers), ltd. ;
Place of publication, distribution, etc. Toronto, Butterworth & Co. (Canada), ltd.; [etc., etc.],
Date of publication, distribution, etc. 1955
300 ## - PHYSICAL DESCRIPTION
Pagination 10277 p. :
Illustrations ill. ;
Size 25 cm.
500 ## - GENERAL NOTE
General note Tenth cumulative supplement 1955
650 #0 - SUBJECT ADDED ENTRY--TOPICAL TERM
Topical term or geographic name as entry element Forms (Law)
Geographic subdivision Great Britain.
9 (RLIN) 143125
Topical term or geographic name as entry element Civil procedure
Geographic subdivision Great Britain.
9 (RLIN) 142031
942 ## - ADDED ENTRY ELEMENTS (KOHA)
Source of classification or shelving scheme Dewey Decimal Classification
Koha item type Books
Holdings
Lost status Source of classification or shelving scheme Damaged status Not for loan Collection code Permanent Location Current Location Shelving location Date acquired Source of acquisition Total Checkouts Full call number Date last seen Copy number Koha item type
  Dewey Decimal Classification     Non-fiction Central Library, University of Rajshahi Central Library, University of Rajshahi   12/12/1955 Allies Book Corporation.   R 347.0550942 ENC 1955 06/08/2016 C-2 Books